000
00265nam a2200097Ia 4500
001
684065
005
20250826161450.0
008
250824s9999 xx 000 0 und d
245
0
_a
AŞKIN GÖZYAŞLARI II MEVLANA
_c
SİNAN YAĞMUR
260
_b
KARATAY AKADEMİ YAYINLARI
999
_c
684065
_d
684065